00422nam a2200145Ia 4500008004100000020001800041041000800059082001600067100003100083245007200114250000600186260005100192300001300243650002000256210716s2014 xx 000 0 und d a9788120317239 aeng a657.42 NIGB aNigam, B M Lall;Jain, I C. aCost accounting: principles and practice.bPrinciples and practice. a1 aNew DelhibPHI Learning private limited.c2014 axii,1164 aCost Accounting